Why not moderation? : (Record no. 3527)
[ view plain ]
| 000 -LEADER | |
|---|---|
| fixed length control field | 01578cam a22002178i 4500 |
| 008 - FIXED-LENGTH DATA ELEMENTS--GENERAL INFORMATION | |
| fixed length control field | 230408s2023 enk b 001 0 eng |
| 020 ## - INTERNATIONAL STANDARD BOOK NUMBER | |
| ISBN | 9781108494953 |
| 020 ## - INTERNATIONAL STANDARD BOOK NUMBER | |
| ISBN | 9781108816717 |
| 100 1# - MAIN ENTRY--AUTHOR | |
| Author | Crăiuțu, Aurelian, |
| 245 10 - TITLE STATEMENT | |
| Title | Why not moderation? : |
| Remainder of title | letters to young radicals / |
| Statement of responsibility, etc | Aurelian Craiutu. |
| 260 ## - PUBLICATION, DISTRIBUTION, ETC. (IMPRINT) | |
| Place of publication | Cambridge |
| Name of publisher | Cambridge University Press |
| 300 ## - COLLATION | |
| Pagination | xiii, 261p. |
| 520 ## - SUMMARY, ETC. | |
| Summary, etc | "Moderation is often presented as a simple virtue for lukewarm and indecisive minds, searching for a fuzzy center between the extremes. Not surprisingly, many politicians do not want to be labeled "moderates" for fear of losing elections. Why Not Moderation? challenges this conventional image and shows that moderation is a complex virtue with a rich tradition and unexplored radical sides. Through a series of imaginary letters between a passionate moderate and two young radicals, the book outlines the distinctive political vision undergirding moderation and makes a case for why we need this virtue today in America. Drawing on clearly written and compelling sources, Craiutu offers an opportunity to rethink moderation and participate in the important public debate on what kind of society we want to live in. His book reminds us that we cannot afford to bargain away the liberal civilization and open society we have inherited from our forefathers"-- |
| 650 #0 - TRACINGS | |
| Main Subject | Political culture |
| 650 #0 - TRACINGS | |
| Main Subject | Moderation |
| Subdivision (2nd) | Political aspects |
| 650 #0 - TRACINGS | |
| Main Subject | Radicalism |
| 650 #0 - TRACINGS | |
| Main Subject | Polarization (Social sciences) |
| 942 ## - ADDED ENTRY ELEMENTS (KOHA) | |
| Item type | Books |
| 050 00 - LIBRARY OF CONGRESS CALL NUMBER | |
| Classification number | JK1726 |
| Item number | .C73 2023 |
| 082 00 - DEWEY DECIMAL CLASSIFICATION NUMBER | |
| Classification number | 306.20973 |
| Source of classification or shelving scheme | Not for loan | Permanent location | Current location | Date acquired | Accession No. | Full call number | Barcode. | Koha item type |
|---|---|---|---|---|---|---|---|---|
| Library of Congress Classification | Samuel Ogbemudia Main Library, University of Abuja | Samuel Ogbemudia Main Library, University of Abuja | 05/15/2025 | 2024/63917 | JK1726.C73 | 2025-2001 | Books |